000 00851nas a2200253 4500
001 BR0704466
003 BR-BrBNA
005 20231205111133.0
007 ta
008 230509b bl.|||p| |||| 00| 00por d
040 _aBR-BrBNA
_bpor
_cBiblioteca Nacional de Agricultura
041 _a(En)
072 _aH10; H20
100 1 _aCollevatti, R.G.
100 1 _aSperber, C.F.
245 1 _aThe gall maker Neopelma baccharidis burck. (Homoptera: Psyllidae)on Baccharis dracunculifolia DC. (Asteraceae): individual, local and regional patterns.
650 _aPRAGA DE PLANTA
650 _aGALHA
650 _aINSETO
650 _aPLANTA HOSPEDEIRA
773 0 _tAnais da Sociedade Entomológica do Brasil (Brazil)
_xISSN 0301-8059
_g(Apr 1997), v. 26(1) p. 45-53
_wBR0704466
909 _a202311
_bLúcia
_c55
_dLúcia Elande
942 _2AGRIS
_n0
_cANA
999 _c190887
_d190887